| 000 | 00739nam a22002177a 4500 | ||
|---|---|---|---|
| 005 | 20100723154034.0 | ||
| 010 | _aENG-96787 | ||
| 020 |
_a9788120338326 _c695.00 |
||
| 035 | _aEN-80320 | ||
| 037 | _bDBAD/PUB | ||
| 082 | _a005.133 | ||
| 100 |
_aDeitel, Paul _91059 |
||
| 245 |
_aJava : _bhow to program / _cby paul deite [and] harvey deitel |
||
| 250 | _a8th ed | ||
| 260 |
_aNew Delhi _bPhi learning _c2010 |
||
| 270 | _aM-97, Connaught circus, | ||
| 300 |
_axxxviii ,1506 p _c23 cm.(pbk) _e1CD-ROM |
||
| 700 |
_aDeitel, Harvey _91060 |
||
| 942 |
_2ddc _cEN _h005.133 _mDEI |
||
| 999 |
_c37438 _d37438 |
||